000 00336 a2200169 4500
001 175198
020 _a85-16-02820-8
040 _cMagnum
100 _aPenteado, Paulo Cesar Martins
240 1 0 _aFísica
_lpor
245 1 0 _aFísica
300 _a650
362 0 _a2001
440 1 _aModerna
697 _aFÍSICA
942 _cBK
999 _c175198
_d175198